[Event "Match"]
[Site "www.echecsemail.com"]
[Date "2018.03.27"]
[Round "1"]
[White "Rindrandria"]
[Black "Ranjachess"]
[WhiteElo "1790"]
[BlackElo "1810"]
[Result "0-1"]
[Round "1"]
1.e3 d5
2.g4 e5
3.Bf1e2 h6
4.c4 Ng8f6
5.h3 d4
6.exd4 exd4
7.Ng1f3 Nb8c6
8.d3 Bf8b4
9.Bc1d2 Qd8e7
10.a3 Bb4d6
11.Qd1b3 b6
12.Bd2b4 O-O
13.Bb4xd6 cxd6
14.Nb1d2 Rf8e8
15.Nf3g1 Bc8b7
16.O-O-O Nc6a5
17.Qb3a2 Bb7xh1
18.Be2f3 Bh1xf3
19.Ng1xf3 d5
20.cxd5 Qe7c5
21.Kb1 Nf6xd5
22.Rd1c1 Qc5e7
23.Qa2xd5 Ra8c8
24.Rc1e1 Qe7c7
25.Re1xe8 Rc8xe8
26.Qd5xd4 Re8c8
27.Ka2 Na5c6
28.Qd4e4 a6
29.Nf3h4 g6
30.d4 Rc8d8
31.d5 Nc6e7
32.Qe4a4 a5
33.Nd2e4 Ne7xd5
34.Nh4xg6 fxg6
35.Qa4b3 Kg7
36.Qb3b5 Qc7f4
37.Ne4c3 Nd5xc3
38.bxc3 Qf4xf2
39.Kb3 Qf2f4
40.Qb5xb6 a4
41.Ka2 Rd8d2
42.Ka1 Qf4f1
43.Qb6b1 Rd2d1
44.Qb1xd1 Qf1xd1
45.Ka2 Qd1b3
46.Ka1 Qb3xa3
47.Kb1 Qa3xc3
48.h4 a3
49.g5 Qc3b2

0-1

[Event "Match"]
[Site "www.echecsemail.com"]
[Date "2018.03.27"]
[Round "1"]
[White "Chessington"]
[Black "Conde7"]
[WhiteElo "2800"]
[BlackElo "2880"]
[Result "1/2-1/2"]
[Round "1"]
1.Ng1f3 Ng8f6
2.b3 e6
3.Bc1b2 d5
4.c4 Bf8e7
5.e3 b6
6.cxd5 exd5
7.d4 O-O
8.Bf1d3 c5
9.O-O Nb8c6
10.Nf3e5 Qd8d6
11.Ne5xc6 Qd6xc6
12.Nb1d2 Bc8b7
13.dxc5 bxc5
14.Qd1c2 Bb7a6
15.Ra1e1 Ba6xd3
16.Qc2xd3 Ra8d8
17.Re1c1 Rf8e8
18.Rf1e1 h6
19.Re1d1 Qc6e6
20.h3 Be7d6
21.Qd3b5 a6
22.Qb5d3 Bd6f8
23.Qd3c2 Bf8d6
24.Bb2xf6 Qe6xf6
25.Nd2f3 g6
26.Qc2c3 Qf6e6
27.Rc1c2 Rd8d7
28.Qc3d3 Re8d8
29.Rc2d2 Bd6e7
30.Qd3c2 Rd7b7
31.Qc2c3 Rb7d7
32.Qc3c2 Rd7b7
33.Qc2c3 Rb7b8
34.Qc3e5 Be7f6
35.Qe5xe6 fxe6
36.Rd2c2 Rb8c8
37.Rd1c1 Bf6e7
38.e4 Kg7
39.g3 g5
40.exd5 exd5
41.Nf3d4 Kf6
42.Rc2c3 Kf7
43.Nd4f5 Be7f8
44.Rc3f3 Kg6
45.Nf5e3 Bf8g7
46.Rc1d1 c4
47.bxc4 d4
48.Ne3f5 Rc8xc4
49.Kg2 Bg7f8
50.g4 a5
51.a3 Bf8c5
52.h4 gxh4
53.Nf5xh4 Kg5
54.Rf3h3 Rc4c2
55.Nh4f3 Kxg4
56.Rh3xh6 d3
57.Nf3e5 Kf4
58.Ne5xd3 Rd8xd3
59.Rd1xd3 Rc2xf2
60.Kh3 Rf2f3
61.Rd3xf3 Kxf3
62.Rh6c6 Bc5d4
63.Rc6d6 Ke4
64.a4 { draw }
1/2-1/2

[Event "Match"]
[Site "www.echecsemail.com"]
[Date "2018.03.27"]
[Round "1"]
[White "Llord"]
[Black "Gilliere"]
[WhiteElo "1980"]
[BlackElo "2040"]
[Result "1-0"]
[Round "1"]
1.e4 c5
2.Ng1f3 d6
3.Bf1c4 Ng8f6
4.Nb1c3 h6
5.O-O a6
6.d4 b5
7.Bc4d3 c4
8.Bd3e2 Nb8d7
9.e5 dxe5
10.Nf3xe5 Nd7xe5
11.dxe5 Qd8xd1
12.Rf1xd1 Nf6d7
13.Bc1f4 e6
14.a4 g5
15.Bf4g3 b4
16.Nc3a2 a5
17.Be2xc4 Bf8g7
18.Bc4b5 Ra8a7
19.c3 bxc3
20.Na2xc3 Ke7
21.b3 Nd7xe5
22.f3 Ne5xf3
23.gxf3 Bg7xc3
24.Bg3f2 Ra7c7
25.Bf2b6 Rc7b7
26.Bb6c5 Kf6
27.Ra1c1 Bc3b4
28.Bc5d4 e5
29.Rc1c6 Kf5
30.Bb5d3 Kf4
31.Rc6f6 Bc8f5
32.Rf6xf5 
1-0

[Event "Match"]
[Site "www.echecsemail.com"]
[Date "2018.03.27"]
[Round "1"]
[White "Gegonz"]
[Black "Goofy"]
[WhiteElo "1610"]
[BlackElo "2360"]
[Result "1/2-1/2"]
[Round "1"]
1.Ng1f3 f5
2.b3 Ng8f6
3.Bc1b2 e6
4.c4 Bf8e7
5.e3 O-O
6.d4 d6
7.Bf1d3 b6
8.O-O Bc8b7
9.Nb1c3 Nf6e4
10.Qd1e2 Nb8d7
11.a3 e5
12.Nc3d5 Bb7xd5
13.cxd5 Ne4g5
14.dxe5 Ng5xf3
15.Qe2xf3 dxe5
16.Bd3xf5 { draw }
1/2-1/2

[Event "Match"]
[Site "www.echecsemail.com"]
[Date "2018.03.27"]
[Round "1"]
[White "Whitekknight"]
[Black "Darknight"]
[WhiteElo "1890"]
[BlackElo "1780"]
[Result "1/2-1/2"]
[Round "1"]
1.e4 e5
2.Ng1f3 d6
3.Bf1c4 h6
4.Nb1c3 c6
5.d4 exd4
6.Nf3xd4 a6
7.Qd1f3 Ng8f6
8.a4 Bc8g4
9.Qf3e3 Bf8e7
10.h3 Bg4h5
11.O-O Nb8d7
12.Qe3g3 g5
13.Nd4f5 Bh5g6
14.Nf5g7 Kf8
15.Ng7f5 Bg6xf5
16.exf5 Nd7e5
17.Bc4e2 Qd8d7
18.Be2d3 Be7d8
19.Rf1e1 Bd8c7
20.b3 Ke7
21.Bc1b2 Ra8g8
22.Ra1d1 h5
23.Bb2a3 Bc7b6
24.Re1xe5 Kd8
25.Re5e3 h4
26.Qg3f3 g4
27.hxg4 Bb6xe3
28.fxe3 Rg8xg4
29.Bd3e2 d5
30.Qf3f2 Rg4g3
31.Qf2f4 Kc8
32.Kf2 Qd7d8
33.Rd1h1 Nf6d7
34.Ba3d6 Qd8f6
35.Rh1xh4 Rg3g8
36.Rh4xh8 Qf6xh8
37.Nc3b1 Qh8h1
38.Be2f1 Qh1h8
39.c3 Qh8h5
40.Bf1e2 Qh5h1
41.Be2f1 Qh1h5
42.Bf1e2 Qh5h1
43.Be2f1 { draw }
1/2-1/2

[Event "1/16 Finale"]
[Site "www.chess-mail.com"]
[Date "2018.03.27"]
[Round "1"]
[White "Asoka"]
[Black "Szustan"]
[WhiteElo "2660"]
[BlackElo "2600"]
[Result "1/2-1/2"]
[Round "1"]
1.d4 d5
2.c4 dxc4
3.e3 Ng8f6
4.Bf1xc4 e6
5.Ng1f3 c5
6.O-O a6
7.b3 b5
8.Bc4e2 Bc8b7
9.dxc5 Qd8xd1
10.Rf1xd1 Bf8xc5
11.Bc1b2 Nb8d7
12.a4 b4
13.Nb1d2 O-O
14.Ra1c1 Rf8d8
15.Nd2c4 Bb7d5
16.Nc4a5 Bc5b6
17.Na5c6 Bd5xb3
18.Rd1d2 Bb3xa4
19.Nc6xd8 Bb6xd8
20.Be2xa6 h6
21.Ba6d3 Bd8e7
22.Rc1a1 Nf6d5
23.Bb2d4 Ba4c6
24.Ra1xa8 Bc6xa8
25.Rd2c2 Ba8b7
26.e4 Nd5c3
27.Bd4xc3 bxc3
28.Rc2xc3 Nd7c5
29.Nf3d2 g5
30.Bd3c2 Be7f8
31.Kf1 Kg7
32.Ke2 h5
33.Ke3 Kf6
34.Nd2b3 Nc5xb3
35.Rc3xb3 Bf8c5
36.Ke2 Bb7a6
37.Bc2d3 Ba6xd3
38.Kxd3 Bc5xf2
39.Rb3b1 Kg6
40.e5 Kg7
{ draw }
1/2-1/2

[Event "Tourn. n9705"]
[Site "www.chess-mail.com"]
[Date "2018.03.28"]
[Round "1"]
[White "Gearoidmac"]
[Black "Sociopath"]
[WhiteElo "2470"]
[BlackElo "2209"]
[Result "0-1"]
[Round "1"]
1.e4 c5
2.Nb1c3 Nb8c6
3.Ng1f3 d6
4.d4 cxd4
5.Nf3xd4 Ng8f6
6.Bc1g5 e6
7.Qd1d2 Bf8e7
8.O-O-O O-O
9.f4 h6
10.Bg5h4 Nc6xd4
11.Qd2xd4 Qd8a5
12.Bf1c4 e5
13.fxe5 dxe5
14.Qd4d3 Bc8g4
15.Rd1f1 Ra8c8
16.Bh4xf6 Be7xf6
17.Kb1 Bf6e7
 { time }
0-1

[Event "Tourn. n9713"]
[Site "www.chess-mail.com"]
[Date "2018.03.28"]
[Round "1"]
[White "Bojan"]
[Black "Osopanda"]
[WhiteElo "1940"]
[BlackElo "1890"]
[Result "1-0"]
[Round "1"]
1.e4 c5
2.b3 Nb8c6
3.Bc1b2 e5
4.Bf1b5 d6
5.Qd1f3 Bc8e6
6.Nb1c3 Ng8f6
7.h3 Bf8e7
8.Nc3d5 O-O
9.Ng1e2 Nc6d4
10.Ne2xd4 cxd4
11.Nd5xe7 Qd8xe7
12.Bb5d3 d5
13.exd5 Be6xd5
14.Qf3g3 g6
15.O-O e4
16.Bd3e2 Ra8e8
17.Bb2xd4 h5
18.Bd4xf6 Qe7xf6
19.Qg3e3 Re8e5
20.Qe3xa7 e3
21.fxe3 Qf6g5
22.Be2f3 Bd5xf3
23.Rf1xf3 Re5c5
24.c4 Rc5a5
25.Qa7xb7 Qg5e5
26.d4 Qe5g5
27.Qb7b4 Rf8a8
28.Qb4d2 f5
29.d5 h4
30.a4 Ra8b8
31.Qd2d3 Rb8e8
32.Ra1f1 Ra5a7
33.c5 Ra7e7
34.Rf1e1 Re7e4
35.Rf3f4 Re4xf4
36.d6 Rf4e4
37.d7 Re8d8
38.c6 Qg5g3
39.Re1e2 g5
40.a5 g4
41.hxg4 Re4xg4
42.Qd3xf5 Rd8f8
43.Qf5d5 Kg7
44.d8Q Rf8xd8
45.Qd5xd8 Qg3e5
46.Qd8d7 { resign }
1-0

[Event "Tourn. n9779"]
[Site "www.chess-mail.com"]
[Date "2018.03.28"]
[Round "1"]
[White "Caroluigi"]
[Black "Fantomas"]
[WhiteElo "2080"]
[BlackElo "2210"]
[Result "1-0"]
[Round "1"]
1.d4 Ng8f6
2.Ng1f3 d5
3.e3 e6
4.Nb1d2 Bf8d6
5.Bf1d3 O-O
6.O-O Nb8d7
7.c3 e5
8.dxe5 Nd7xe5
9.Nf3xe5 Bd6xe5
10.h3 h6
11.Nd2f3 Be5d6
12.Rf1e1 c6
13.Qd1c2 Rf8e8
14.Nf3d2 Bc8e6
15.e4 dxe4
16.Nd2xe4 Nf6xe4
17.Bd3xe4 Qd8c7
18.Bc1e3 Re8e7
19.Ra1d1 a6
20.Be4d3 Ra8e8
21.b3 Be6c8
22.Qc2d2 f5
23.Bd3c4 Bc8e6
24.Qd2xd6 Qc7xd6
25.Rd1xd6 Be6xc4
26.bxc4 f4
27.Rd6d3 fxe3
28.Rd3xe3 Kf8
29.Re3xe7 Re8xe7
30.Re1xe7 Kxe7
31.Kf1 Kd6
32.Ke2 b5
33.Kd3 Kc5
34.cxb5 axb5
35.f4 Kd5
36.g4 c5
37.c4 { resign }
1-0

[Event "Tourn. n9755"]
[Site "www.chess-mail.com"]
[Date "2018.03.28"]
[Round "1"]
[White "Tartan"]
[Black "Fantomas"]
[WhiteElo "2520"]
[BlackElo "2270"]
[Result "1-0"]
[Round "1"]
1.e4 c5
2.Ng1f3 Nb8c6
3.d4 cxd4
4.Nf3xd4 d6
5.c4 Ng8f6
6.Nb1c3 Bc8g4
7.f3 Bg4d7
8.Nd4xc6 bxc6
9.Bc1e3 e6
10.g4 g6
11.g5 Nf6h5
12.Qd1d2 Qd8c7
13.O-O-O Bf8g7
14.Qd2xd6 Qc7xd6
15.Rd1xd6 Bg7e5
16.Rd6d3 Nh5f4
17.Rd3d1 Nf4h5
18.Nc3e2 Be5c7
19.Bf1h3 Bc7b6
20.c5 Bb6c7
21.Rh1f1 Ke7
22.f4 f5
23.e5 Ra8c8
24.Bh3g2 Bc7b8
25.Rd1d3 Rh8d8
26.Ne2d4 Bd7e8
27.Rf1d1 { resign }
1-0

[Event "Tourn. n9760"]
[Site "www.chess-mail.com"]
[Date "2018.03.28"]
[Round "1"]
[White "Falcoale"]
[Black "Reda"]
[WhiteElo "1860"]
[BlackElo "1969"]
[Result "0-1"]
[Round "1"]
1.e4 e5
2.Ng1f3 Nb8c6
3.b3 Bf8c5
4.Bc1b2 d6
5.Bf1b5 Bc8d7
6.O-O Ng8f6
7.Nb1c3 O-O
8.d3 a6
9.Bb5xc6 Bd7xc6
10.h3 d5
11.Nf3xe5 dxe4
12.Ne5xc6 bxc6
13.Nc3e2 exd3
14.cxd3 Rf8e8
15.d4 Bc5b6
16.Ra1c1 Qd8e7
17.Ne2g3 Ra8d8
18.Rc1xc6 Qe7b4
19.Bb2c3 Qb4b5
20.Rc6c4 c5
21.Qd1a1 cxd4
22.Rc4b4 Qb5c6
23.Bc3d2 d3
24.Rb4c4 Qc6d6
25.Ng3e4 Nf6xe4
26.Bd2b4 Qd6f6
27.Qa1xf6 Ne4xf6
28.Rf1d1 Re8e2
29.Bb4e1 d2
30.Kf1 dxe1Q
31.Rd1xe1 Re2xe1
32.Kxe1 h6
33.Rc4c6 Bb6a5
34.Ke2 Rd8a8
35.f3 Nf6h5
36.g4 Nh5f4
37.Kf2 Nf4xh3
38.Kg3 Nh3g5
39.a3 Ba5e1
40.Kg2 Ng5e6
41.b4 Ne6d4
{ resign }
0-1

[Event "Tourn. n9671"]
[Site "www.chess-mail.com"]
[Date "2018.03.28"]
[Round "1"]
[White "Claymil"]
[Black "Tarasch"]
[WhiteElo "2030"]
[BlackElo "1830"]
[Result "0-1"]
[Round "1"]
1.c4 Ng8f6
2.Nb1c3 d5
3.cxd5 Nf6xd5
4.g3 g6
5.Bf1g2 Nd5b6
6.d4 Bf8g7
7.e3 O-O
8.Ng1e2 c5
9.dxc5 Qd8xd1
10.Nc3xd1 Nb6a4
11.Nd1c3 Na4xc5
12.Ne2f4 Nb8c6
13.O-O Bc8d7
14.Rf1d1 Rf8d8
15.a3 Nc6a5
16.Nc3d5 e6
17.Nd5c3 Bd7c6
18.f3 Rd8xd1
19.Nc3xd1 Ra8d8
20.Nd1f2 Na5b3
21.Ra1b1 Nc5a4
22.Nf2d3 Nb3xc1
23.Rb1xc1 Na4xb2
24.Nd3f2 Nb2a4
25.Nf2g4 Na4c3
26.Rc1c2 h5
27.Ng4f2 Nc3d1
28.Nf2xd1 Rd8xd1
29.Kf2 Kf8
30.e4 Bg7d4
31.Ke2 Rd1a1
32.Kd2 Ra1xa3
33.Nf4d3 Ra3b3
34.Nd3c1 Bd4e3
35.Ke2 Be3xc1
36.Rc2xc1 a5
37.Bg2f1 Rb3b2
{ resign }
0-1

[Event "Tourn. n9673"]
[Site "www.chess-mail.com"]
[Date "2018.03.28"]
[Round "1"]
[White "Jaroslavpech"]
[Black "Aniruddhadg"]
[WhiteElo "2380"]
[BlackElo "2219"]
[Result "1-0"]
[Round "1"]
1.d4 Ng8f6
2.c4 c5
3.d5 e6
4.Nb1c3 exd5
5.cxd5 d6
6.e4 g6
7.Ng1f3 Bf8g7
8.h3 O-O
9.Bf1d3 Nf6h5
10.O-O Nb8d7
11.Bc1g5 Bg7f6
12.Bg5h6 Bf6g7
13.Bh6xg7 Kxg7
14.Qd1d2 Qd8f6
15.Nc3e2 Rf8e8
16.Ra1e1 a6
17.b3 Kg8
18.Nf3h2 Qf6g7
19.g4 Nh5f6
20.Ne2g3 b5
21.f4 Nd7b6
22.g5 Nf6h5
23.Ng3xh5 gxh5
24.Kg2 c4
25.Bd3c2 Bc8d7
26.Bc2d1 f5
27.Bd1xh5 Re8xe4
28.Re1xe4 fxe4
29.Nh2g4 Ra8f8
30.Qd2b4 { resign }
1-0

[Event "Tourn. n9668"]
[Site "www.chess-mail.com"]
[Date "2018.03.28"]
[Round "1"]
[White "Falcoale"]
[Black "Sahlapalat"]
[WhiteElo "1870"]
[BlackElo "2060"]
[Result "0-1"]
[Round "1"]
1.e4 c5
2.Ng1f3 d6
3.d4 cxd4
4.Nf3xd4 Ng8f6
5.Nb1c3 Nb8c6
6.Nd4b3 e6
7.a3 Bf8e7
8.Bf1d3 O-O
9.O-O a6
10.Bc1e3 Qd8c7
11.Ra1c1 b5
12.Nc3e2 Bc8b7
13.Nb3d4 Nc6xd4
14.Ne2xd4 Nf6xe4
15.Nd4b3 Be7f6
16.c3 Rf8d8
17.f3 Ne4c5
18.Nb3xc5 dxc5
19.Qd1c2 g6
20.Be3f2 Rd8d7
21.Rf1e1 Ra8d8
22.Rc1d1 Kg7
23.Bd3e2 c4
24.a4 h5
25.Rd1xd7 Rd8xd7
26.Bf2g3 Qc7d8
27.axb5 axb5
28.Bg3f2 Rd7d2
29.Qc2c1 Bf6g5
30.Qc1a1 Qd8a8
31.Qa1xa8 Bb7xa8
32.Bf2d4 Bg5f6
33.Bd4xf6 Kxf6
34.b3 cxb3
35.Kf1 Rd2c2
36.Be2xb5 Rc2xc3
37.Re1b1 Ba8d5
38.Bb5a4 Ke5
39.Ke1 h4
40.Kf2 h3
41.Rb1e1 Kd4
42.Re1d1 Rc3d3
43.Rd1xd3 Kxd3
44.Ba4xb3 Bd5xb3
45.g4 g5
46.Kg3 Ke3
47.Kxh3 Bb3d1
48.Kg3 Bd1xf3
{ resign }
0-1

[Event "Tourn. n9695"]
[Site "www.chess-mail.com"]
[Date "2018.03.28"]
[Round "1"]
[White "Sorim"]
[Black "Falcoale"]
[WhiteElo "2030"]
[BlackElo "1910"]
[Result "1-0"]
[Round "1"]
1.d4 Ng8f6
2.Ng1f3 b6
3.Bc1f4 Bc8b7
4.e3 e6
5.Bf1e2 Bf8e7
6.O-O O-O
7.c4 d5
8.Nb1c3 c6
9.Ra1c1 Nb8d7
10.a3 Nf6e8
11.Qd1c2 Ne8d6
12.cxd5 cxd5
13.Be2d3 f5
14.Qc2e2 Nd6e4
15.Nf3e5 Nd7xe5
16.Bf4xe5 Be7f6
17.f3 Bf6xe5
18.dxe5 Ne4c5
19.Bd3b1 Qd8d7
20.b4 Nc5a6
21.Nc3b5 Bb7c6
22.Nb5d6 Na6c7
23.Qe2c2 Bc6b5
24.Rf1d1 Bb5a4
25.Qc2xc7 Qd7xc7
26.Rc1xc7 Ba4xd1
27.Rc7e7 g6
28.Re7xe6 Bd1b3
29.Re6e7 a5
30.b5 Ra8d8
31.Re7b7 Rd8b8
32.Rb7c7 a4
33.Kf2 Kh8
34.Kg3 Kg8
35.Kf4 h6
36.e6 d4
37.e7 Rf8e8
38.e4 fxe4
39.Bb1xe4 g5
40.Ke5 Bb3f7
41.Kf6 Bf7b3
42.Nd6xe8 Rb8xe8
43.Be4c6 Bb3f7
44.Bc6xe8 Bf7xe8
45.Rc7c8 d3
46.Rc8xe8 { resign }
1-0

[Event "Match"]
[Site "www.echecsemail.com"]
[Date "2018.03.28"]
[Round "1"]
[White "Gimmyg"]
[Black "Apdash"]
[WhiteElo "2540"]
[BlackElo "2210"]
[Result "1-0"]
[Round "1"]
1.b3 d5
2.Bc1b2 c5
3.e3 Nb8c6
4.Bf1b5 Bc8d7
5.Ng1f3 e6
6.O-O Ng8f6
7.Bb5xc6 Bd7xc6
8.Nf3e5 Bf8d6
9.Ne5xc6 bxc6
10.d3 e5
11.Nb1d2 O-O
12.e4 a5
13.a4 Ra8b8
14.Qd1f3 Qd8d7
15.Rf1e1 Rf8e8
16.Re1e2 Re8e6
17.Ra1e1 dxe4
18.dxe4 Nf6e8
19.Nd2c4 Bd6c7
20.Re2d2 Qd7e7
21.Re1d1 Rb8d8
22.Rd2xd8 Bc7xd8
23.Bb2xe5 f6
24.Qf3d3 Bd8c7
25.Be5xc7 Re6xe4
26.Bc7xa5 g6
27.Qd3d8 Qe7xd8
28.Ba5xd8 Kf8
29.a5 Re4e2
30.a6 Re2xc2
31.a7 Rc2a2
32.Nc4a5 { resign }
1-0

[Event "Match"]
[Site "www.echecsemail.com"]
[Date "2018.03.28"]
[Round "1"]
[White "Muderfuger"]
[Black "Zack1984"]
[WhiteElo "1640"]
[BlackElo "1809"]
[Result "0-1"]
[Round "1"]
1.Ng1h3 e5
2.e4 Ng8f6
3.Nb1c3 Bf8c5
4.Nc3a4 Bc5e7
5.g4 d5
6.Bf1b5 c6
7.Bb5e2 h5
8.gxh5 Bc8xh3
9.exd5 Nf6e4
 { time }
0-1

[Event "Match"]
[Site "www.echecsemail.com"]
[Date "2018.03.28"]
[Round "1"]
[White "Ztornad"]
[Black "Krystek23"]
[WhiteElo "1670"]
[BlackElo "2500"]
[Result "0-1"]
[Round "1"]
1.Ng1f3 Ng8f6
2.d4 d5
3.Nb1c3 g6
4.Bc1f4 Bf8g7
5.h3 c6
6.g3 Nf6e4
7.Nc3xe4 dxe4
8.Nf3d2 Qd8xd4
9.c3 Qd4b6
10.Bf4e3 Qb6xb2
11.Be3d4 Bg7xd4
12.cxd4 Qb2xd4
13.e3 Qd4e5
14.Nd2c4 Qe5c3
15.Nc4d2 O-O
16.Ra1c1 Qc3a5
17.Qd1c2 Bc8e6
18.a4 Rf8d8
19.Qc2c3 Qa5xc3
20.Rc1xc3 Nb8d7
21.Rc3a3 Nd7c5
22.Bf1e2 b5
23.a5 b4
24.Ra3a1 Rd8d6
25.h4 Ra8d8
26.Nd2xe4 Nc5xe4
27.Ra1b1 c5
28.O-O Ne4d2
29.Rb1d1 Nd2xf1
30.Rd1xd6 Rd8xd6
31.Kxf1 c4
32.Kg2 c3
33.h5 c2
34.hxg6 hxg6
35.Kf3 c1Q
36.g4 b3
37.g5 b2
38.Kg2 b1Q
39.Kg3 Qc1g1
40.Kf3 Qb1f5

0-1

[Event "Match"]
[Site "www.echecsemail.com"]
[Date "2018.03.28"]
[Round "1"]
[White "Fegatux"]
[Black "Gimmyg"]
[WhiteElo "2099"]
[BlackElo "2550"]
[Result "1/2-1/2"]
[Round "1"]
1.d4 Ng8f6
2.c4 e6
3.Ng1f3 Bf8b4
4.Nb1d2 O-O
5.Qd1c2 d5
6.c5 Nb8c6
7.a3 Bb4xd2
8.Bc1xd2 Nf6e4
9.b4 f6
10.b5 Nc6e7
11.e3 Ne4xd2
12.Qc2xd2 a6
13.bxa6 b6
14.cxb6 cxb6
15.Bf1b5 Bc8xa6
16.Bb5xa6 Ra8xa6
17.O-O Qd8d6
18.Qd2b4 Qd6xb4
19.axb4 Rf8a8
20.Ra1xa6 Ra8xa6
21.Rf1b1 Ra6a4
22.Nf3e1 g5
23.g4 Ne7c6
24.Ne1d3 Kf7
25.Kg2 Ra4a3
{ draw }
1/2-1/2

[Event "1/128 Finale"]
[Site "www.chess-mail.com"]
[Date "2018.03.28"]
[Round "1"]
[White "Bojan"]
[Black "Julian"]
[WhiteElo "2000"]
[BlackElo "1760"]
[Result "1/2-1/2"]
[Round "1"]
1.e4 c5
2.Ng1f3 Nb8c6
3.Nb1c3 e6
4.d4 cxd4
5.Nf3xd4 d6
6.Bf1b5 Bc8d7
7.Nc3e2 Bf8e7
8.Bc1e3 Ng8f6
9.Ne2g3 O-O
10.Bb5d3 Nc6xd4
11.Be3xd4 e5
12.Bd4e3 Bd7c6
13.Ng3f5 d5
14.Nf5xe7 Qd8xe7
15.c3 dxe4
16.Bd3e2 Rf8d8
17.Qd1c2 Rd8d7
18.O-O Ra8d8
19.h3 Nf6d5
20.Be3xa7 b6
21.Ba7xb6 Nd5xb6
22.Rf1d1 Rd7xd1
23.Ra1xd1 Rd8xd1
24.Qc2xd1 h6
25.b3 Nb6d5
26.Qd1c2 e3
27.Kf1 exf2
28.Kxf2 Qe7f6
29.Kg1 Nd5f4
30.Be2d3 Nf4xd3
31.Qc2xd3 e4
32.Qd3d2 Qf6g6
33.Qd2e3 Qg6f5
34.a3 Qf5d5
35.c4 Qd5d1
36.Kh2 f5
37.Kg3 g5
38.Kh2 f4
39.Qe3b6 Qd1d7
40.Kg1 e3
41.b4 Bc6a4
42.Qb6xh6 Qd7d1
43.Kh2 Qd1d8
44.Qh6g6 Kf8
45.Qg6h6 Kf7
46.Qh6h5 Kf6
47.Kg1 Qd8d1
48.Qh5xd1 Ba4xd1
49.Kf1 Bd1b3
50.c5 Bb3c4
51.Ke1 Kf5
52.a4 g4
53.hxg4 Kxg4
54.c6 Bc4e6
55.c7 f3
56.gxf3 Kxf3
57.b5 Ke4
58.b6 Be6c8
59.Ke2 Kd4
60.a5 Kc5
61.Kxe3 { draw }
1/2-1/2

[Event "Tourn. n9760"]
[Site "www.chess-mail.com"]
[Date "2018.03.29"]
[Round "1"]
[White "Falcoale"]
[Black "Gilliere"]
[WhiteElo "1860"]
[BlackElo "2040"]
[Result "1-0"]
[Round "1"]
1.e4 c5
2.Ng1f3 d6
3.b3 Nb8c6
4.Bc1b2 Ng8f6
5.Nb1c3 g6
6.Bf1e2 e5
7.O-O Bf8g7
8.h3 O-O
9.Qd1c1 a6
10.d3 b5
11.Nf3h2 Bc8b7
12.Nh2g4 Nf6xg4
13.Be2xg4 Nc6d4
14.Nc3e2 Nd4xe2
15.Bg4xe2 Qd8h4
16.Bb2c3 Bg7h6
17.Bc3d2 Bh6xd2
18.Qc1xd2 f5
19.Be2f3 f4
20.Bf3g4 h5
21.g3 fxg3
22.Bg4e6 Kg7
23.fxg3 Qh4xg3
24.Qd2g2 Qg3xg2
25.Kxg2 Rf8f4
26.Rf1xf4 Ra8f8
27.Rf4xf8 Kxf8
28.Kg3 Kg7
29.Ra1f1 Kh6
30.h4 b4
31.Rf1f8 { resign }
1-0

[Event "Tourn. n9725"]
[Site "www.chess-mail.com"]
[Date "2018.03.29"]
[Round "1"]
[White "Piekki"]
[Black "Coolant"]
[WhiteElo "2160"]
[BlackElo "2270"]
[Result "1-0"]
[Round "1"]
1.g3 e5
2.Bf1g2 Bf8c5
3.c4 Ng8f6
4.Nb1c3 O-O
5.e3 Rf8e8
6.Ng1e2 Nb8c6
7.a3 a5
8.O-O d6
9.d3 Bc8f5
10.e4 Bf5e6
11.Nc3d5 Be6xd5
12.cxd5 Nc6d4
13.Bc1e3 Nd4xe2
14.Qd1xe2 c6
15.dxc6 b6
16.Ra1c1 Ra8a7
17.b4 axb4
18.axb4 Bc5xb4
19.c7 Qd8d7
20.Be3xb6 Ra7b7
21.Qe2c2 Re8c8
22.Qc2c6 Rb7xb6
23.Qc6xb6 Bb4c5
24.Qb6b3 Rc8xc7
25.Rc1c2 h5
26.h3 Rc7b7
27.Qb3a2 Rb7a7
28.Qa2b1 Ra7a3
29.Rf1d1 Qd7a7
30.Bg2f1 Nf6d7
31.Rd1d2 Ra3a1
32.Qb1b3 Ra1a3
33.Qb3b5 Ra3a5
34.Qb5c6 Nd7b6
35.d4 exd4
36.e5 Nb6d7
37.exd6 Nd7e5
38.Qc6e8 { resign }
1-0

[Event "Tourn. n9776"]
[Site "www.chess-mail.com"]
[Date "2018.03.29"]
[Round "1"]
[White "Bojan"]
[Black "Caspito"]
[WhiteElo "1980"]
[BlackElo "1920"]
[Result "1-0"]
[Round "1"]
1.b4 d5
2.Bc1b2 d4
3.c4 e5
4.a3 c5
5.Qd1b3 Ng8f6
6.f3 Bf8d6
7.e3 O-O
8.b5 b6
9.g3 Rf8e8
10.e4 a5
11.a4 Bc8e6
12.d3 Nb8d7
13.Bb2c1 Nd7f8
14.Qb3c2 Be6c8
15.Qc2f2 Bc8b7
16.Ng1e2 Nf8e6
17.Bf1h3 Ra8a7
18.Bh3xe6 Re8xe6
19.h3 Nf6h5
20.g4 Nh5f4
21.Ra1a3 Nf4xe2
22.Kxe2 Bd6e7
23.Nb1d2 Be7h4
24.Qf2g2 Qd8f6
25.Nd2f1 Bb7c8
26.g5 Qf6g6
27.Qg2g4 Bh4xg5
28.Qg4xg5 Qg6xg5
29.Bc1xg5 Re6g6
30.h4 f6
31.Bg5d2 Rg6g2
32.Kd1 g6
33.f4 Bc8g4
34.Kc1 Bg4e2
35.Nf1h2 Ra7e7
36.Kc2 Kg7
37.Ra3a1 h6
38.Ra1g1 Rg2xg1
39.Rh1xg1 Kf7
40.fxe5 Re7xe5
41.Bd2f4 Re5e6
42.Bf4xh6 Be2h5
43.Bh6f4 f5
44.Rg1e1 Re6f6
45.Bf4g5 Rf6e6
46.Kd2 fxe4
47.dxe4 Ke8
48.e5 Kd7
49.Bg5f6 Ke8
50.Re1e4 Kf7
51.Nh2f1 Ke8
52.Re4f4 Kd7
53.Nf1g3 d3
54.Ng3xh5 gxh5
55.Rf4f5 Ke8
56.Rf5xh5 Kf7
57.Rh5g5 { resign }
1-0

[Event "Tourn. n9731"]
[Site "www.chess-mail.com"]
[Date "2018.03.29"]
[Round "1"]
[White "Caroluigi"]
[Black "Gegonz"]
[WhiteElo "1740"]
[BlackElo "1610"]
[Result "0-1"]
[Round "1"]
1.e4 c6
2.Ng1f3 d5
3.e5 Bc8g4
4.d4 e6
5.Nb1d2 c5
6.Bf1b5 Nb8d7
7.c3 a6
8.Bb5e2 cxd4
9.cxd4 Bg4xf3
10.Nd2xf3 Bf8b4
11.Bc1d2 Qd8a5
12.Bd2xb4 Qa5xb4
13.Qd1d2 Qb4xd2
14.Nf3xd2 Ra8c8
15.b3 Ng8e7
16.Be2d3 Ne7c6
17.Ra1c1 O-O
18.Nd2f3 Nc6xd4
19.Rc1xc8 Nd4xf3
20.gxf3 Rf8xc8
21.Ke2 Nd7xe5
22.Rh1d1 g6
23.f4 Ne5xd3
24.Kxd3 Kg7
25.Rd1d2 Kf6
26.Ke3 Rc8c3
27.Rd2d3 Rc3xd3
28.Kxd3 Kf5
29.Ke3 Kg4
30.b4 b5
31.f3 Kf5
32.h3 f6
33.h4 h6
{ resign }
0-1

[Event "Tourn. n9736"]
[Site "www.chess-mail.com"]
[Date "2018.03.29"]
[Round "1"]
[White "Andychesston"]
[Black "Falcoale"]
[WhiteElo "1940"]
[BlackElo "1960"]
[Result "1-0"]
[Round "1"]
1.e4 c5
2.Ng1f3 e6
3.d4 cxd4
4.Nf3xd4 Ng8f6
5.Nb1c3 a6
6.Bf1d3 b5
7.O-O Bc8b7
8.f3 Bf8c5
9.Bc1e3 Bc5e7
10.e5 Nf6d5
11.Nc3xd5 Bb7xd5
12.b3 O-O
13.f4 Nb8c6
14.c3 Be7c5
15.Kh1 Nc6xd4
16.cxd4 Bc5a7
17.Qd1b1 h6
18.f5 Qd8c7
19.Rf1c1 Qc7b7
20.Qb1b2 Bd5e4
21.Bd3xe4 Qb7xe4
22.Qb2d2 Qe4xf5
23.Rc1f1 Qf5e4
24.Rf1f4 Qe4h7
25.Ra1f1 Ra8c8
26.Rf4g4 Rc8c2
27.Qd2d1 Rc2xa2
28.Rf1f6 g6
29.Rg4h4 h5
30.g4 Rf8c8
31.gxh5 Rc8c2
32.Qd1g1 Rc2e2
33.hxg6 Qh7xh4
34.gxf7 { resign }
1-0

[Event "Tourn. n9759"]
[Site "www.chess-mail.com"]
[Date "2018.03.29"]
[Round "1"]
[White "Prize64"]
[Black "Sefj"]
[WhiteElo "2140"]
[BlackElo "2180"]
[Result "1-0"]
[Round "1"]
1.Ng1f3 d5
2.c4 d4
3.b4 g6
4.Bc1b2 Bf8g7
5.e3 e5
6.d3 dxe3
7.fxe3 Qd8e7
8.Bf1e2 Bc8f5
9.a3  { time }
1-0

[Event "Tourn. n9695"]
[Site "www.chess-mail.com"]
[Date "2018.03.29"]
[Round "1"]
[White "Falcoale"]
[Black "Osopanda"]
[WhiteElo "1920"]
[BlackElo "1800"]
[Result "1-0"]
[Round "1"]
1.e4 c5
2.Ng1f3 Nb8c6
3.d4 cxd4
4.Nf3xd4 d6
5.Bc1e3 Ng8f6
6.Nb1c3 a6
7.Bf1c4 e5
8.Nd4f3 Bc8e6
9.Bc4d3 Bf8e7
10.Qd1d2 O-O
11.O-O-O Ra8c8
12.h3 b5
13.g4 Nc6d4
14.Nf3xd4 exd4
15.Be3xd4 b4
16.Nc3a4 Be6xa2
17.Qd2xb4 Ba2e6
18.f4 Be6d7
19.Qb4a3 d5
20.Qa3a1 dxe4
21.Bd3e2 Qd8a5
22.b3 Bd7xa4
23.Qa1xa4 Qa5xa4
24.bxa4 Nf6d5
25.Bd4xg7 Nd5e3
26.Bg7xf8 Kxf8
27.Rd1d2 Be7b4
28.Rd2d4 Rc8xc2
29.Kb1 Bb4c3
30.Rd4d8 Ke7
31.Rd8a8 a5
32.Ra8a7 Kf6
33.g5 Ke6
34.Be2g4 Kd5
35.Ra7xf7 Rc2b2
36.Kc1 Ne3xg4
37.hxg4 Rb2b4
38.Rh1xh7 e3
39.Rf7e7 Bc3d2
40.Kd1 Rb4xf4
41.Re7d7 Kc4
42.g6 Rf4xg4
43.g7 Rg4g1
44.Kc2 Kb4
45.Rd7d8 Rg1c1
46.Kd3 Rc1g1
47.Rh7h4 Kc5
48.g8Q Rg1xg8
49.Rd8xg8 { resign }
1-0

[Event "Match"]
[Site "www.echecsemail.com"]
[Date "2018.03.29"]
[Round "1"]
[White "Sefj"]
[Black "Geodad5"]
[WhiteElo "2130"]
[BlackElo "2240"]
[Result "0-1"]
[Round "1"]
1.Ng1f3 d5
2.c4 d4
3.d3 Nb8c6
4.e3 e5
5.a3 a5
6.exd4 exd4
7.Bc1f4 Ng8f6
8.Qd1a4 Bc8d7
 { time }
0-1

[Event "Match"]
[Site "www.echecsemail.com"]
[Date "2018.03.29"]
[Round "1"]
[White "Gilliere"]
[Black "Bjonil60"]
[WhiteElo "2060"]
[BlackElo "1520"]
[Result "1-0"]
[Round "1"]
1.e4 Nb8c6
2.Ng1f3 e6
3.d4 a6
4.Nb1c3 Qd8e7
5.Bf1d3 d6
6.O-O Ng8f6
7.Rf1e1 b6
8.e5 dxe5
9.dxe5 Nf6d7
10.Bc1f4 g6
11.a3 Nc6a5
12.Bf4g5 Qe7c5
13.Nc3e4 Qc5c6
14.Ne4f6 Nd7xf6
15.Bg5xf6 Rh8g8
16.Bd3e4 Qc6b5
17.Qd1d8 
1-0

[Event "Match"]
[Site "www.echecsemail.com"]
[Date "2018.03.29"]
[Round "1"]
[White "Ditto"]
[Black "Darknight"]
[WhiteElo "1990"]
[BlackElo "1720"]
[Result "0-1"]
[Round "1"]
1.e4 e5
2.Ng1f3 d6
3.Bf1c4 h6
4.d4 exd4
5.Qd1xd4 a6
6.Nb1c3 Ng8f6
7.O-O Nb8c6
8.Qd4d1 Bc8g4
9.Bc1e3 Nc6e5
10.Bc4e2 c6
11.Nf3xe5 Bg4xe2
12.Qd1xe2 dxe5
13.Ra1d1 Bf8d6
14.Nc3a4 Qd8e7
15.Na4b6 Ra8b8
16.a3 Nf6xe4
17.Nb6c4 Rb8d8
18.Be3b6 f5
19.Bb6xd8 Kxd8
20.Qe2e3 Kc7
21.Qe3b6 Kb8
22.f3 Ne4f6
23.Nc4a5 Bd6c5
24.Qb6xc5 Qe7xc5
25.Kh1 Qc5xa5
26.Rf1e1 Ka7
27.h3 f4
28.Rd1d3 Qa5xe1
29.Kh2 Nf6d5
30.c4 Nd5e3
{ resign }
0-1